header

Rebuilding the unity of health and the environment in rural America (Record no. 216851)

MARC details
000 -LEADER
fixed length control field 02008nam a2200349Ia 4500
245 10 - TITLE STATEMENT
Title Rebuilding the unity of health and the environment in rural America
260 ## - PUBLICATION, DISTRIBUTION, ETC. (IMPRINT)
Place of publication Washington, D.C. :
Name of publisher National Academies Press,
Year of publication c2006.
300 ## - PHYSICAL DESCRIPTION
Number of Pages xii, 103 p. :
Other physical details ill., maps.
505 0# - FORMATTED CONTENTS NOTE
Formatted contents note Environmental health in rural America -- Social environment in rural America -- Role of the natural environment in rural America -- Built environment and health in rural areas.
650 #0 - SUBJECT ADDED ENTRY--TOPICAL TERM
Topical Term Environmental health
Topical Term Public health
700 1# - ADDED ENTRY--PERSONAL NAME
Personal name Merchant, James.
Personal name Coussens, Christine.
Personal name Gilbert, Dalia.
856 40 - ELECTRONIC LOCATION AND ACCESS
Uniform Resource Identifier http://site.ebrary.com/lib/rucke/Doc?id=10120240

No items available.

© 2026 Rongo University
Contact us: librarian | system librarian | Rongo university